000 01350nam a2200337 a 4500
001 ebr10516451
003 CaPaEBR
006 m u
007 cr cn|||||||||
008 890629s1989 dcua sb 001 0 eng d
010 _z 89036977
020 _z0930403584
020 _z9780930403584
020 _z9781600863769 (e-book)
040 _aCaPaEBR
_cCaPaEBR
035 _a(OCoLC)774285646
050 1 4 _aTL1499
_b.O73 1989eb
082 0 4 _a629.4
_220
245 0 0 _aOrbital debris from upper-stage breakup
_h[electronic resource] /
_cedited by Joseph P. Loftus, Jr.
260 _aWashington, D.C. :
_bAmerican Institute of Aeronautics and Astronautics, Inc.,
_cc1989.
300 _aix, 219 p. :
_bill.
490 1 _aProgress in astronautics and aeronautics ;
_vv. 121
504 _aIncludes bibliographical references and index.
533 _aElectronic reproduction.
_bPalo Alto, Calif. :
_cebrary,
_d2013.
_nAvailable via World Wide Web.
_nAccess may be limited to ebrary affiliated libraries.
650 0 _aSpace debris.
655 7 _aElectronic books.
_2local
700 1 _aLoftus, Joseph P.
710 2 _aebrary, Inc.
830 0 _aProgress in astronautics and aeronautics ;
_vv. 121.
856 4 0 _uhttp://site.ebrary.com/lib/rucke/Doc?id=10516451
_zAn electronic book accessible through the World Wide Web; click to view
999 _c122433
_d122433